00901 2200289 4500001002100000005001500021035002000036007000300056008004100059020002300100082001400123084002000137100003400157245014300191250000600334260003900340300003100379650002700410700003800437700003400475990001700509990001700526990001700543990001700560990001700577990001700594INLIS00000000000122120260429085521 a0010-1023000041ta260429 j 0 ind  a978-602-933354-5-8 a364.132.3 a364.132.3 KRI p0 aKristanto, S.Pd ( Pengarang )1 aPendidikan Anti Korupsi Kls 4 :bpendidikan karakter anak /cKristanto, S.Pd ; editor, Romadhoni Qori Pratama ; ilustrator, Ikhwan Yuliada a- aMedan :bCV Maalikal Mulk Baru,c- a108 :bilus. ;c27.5 cme- 4aPendidikan Antikorupsi0 aRomadhoni Qori Pratama ( Editor )0 aIkhwan Yuliada ( ilustrator ) a00012/R/2023 a00013/R/2023 a00014/R/2023 a00015/R/2023 a00016/R/2023 a00017/R/2023